000 00383 a2200145 4500
001 155246
040 _cEscola São Tomás de Aquino
100 _aDÍEZ, Ignacio Rodero
240 1 0 _aNuevo Español en marcha
_lpor
245 1 0 _aNuevo Español en marcha
300 _a261
362 0 _a2014
697 _aSistemas de escrita, fonologia, fonética da norma espanhola
942 _cBK
999 _c155246
_d155246